Statistics for ONE DIRECTION BROMANCE NAMES

Click here to take the quiz!

General Stats

  • This quiz has been taken 2,262 times
  • The average score is 9 of 11

Answer Stats

HintAnswer% Correct
Louis + Harry =Larry
95%
Louis + Zayn =Zouis
95%
Zayn + Harry =Zarry
92%
Zayn + Liam =Ziam
92%
Zayn + Niall =Ziall
89%
Louis + Liam =Lilo
87%
Louis + Niall =Nouis
87%
Liam + Niall =Niam
83%
Niall + Harry =Narry
72%
Liam + Harry =Lirry
66%
Harry + Niall + Liam + Zayn + Louis =Zianourry
6%

Score Distribution

Percentile by Number Answered

Percent of People with Each Score

Your Score History

You have not taken this quiz